Statistics for Skyscrapers! X

Click here to take the quiz!

General Stats

  • This quiz has been taken 224 times
  • The average score is 8 of 20

Answer Stats

HintAnswer% Correct
World's tallest skyscraperBurj Khalifa
100%
Where is the Taipei 101?Taipei
93%
Where is the Willis Tower?Chicago
86%
World's tallest building from 1931-1973Empire State Building
86%
Biggest skyscraper metro areaShenzhen/Guangzhou/Hong Kong Area
86%
City with most skyscrapersHong Kong
79%
Tallest building in the western hemisphereOne World Trade Center
64%
Tallest tower in ChinaShanghai Tower
29%
How many skyscrapers are there estimated to be6000
21%
Tallest building in Midtown New YorkCentral Park Tower
21%
Tallest skyscraper built in the 2020sMerdeka 118
21%
Tallest hotel towerGevora Hotel
14%
Tallest building in Hong KongInternational Commerce Centre
14%
Only skyscraper in the 1800 foot tall rangeLotte World Tower
14%
Tallest office towerPing-an Finance Centre
14%
This building stands at 1614 feet tallShanghai World Financial Center
14%
Which architectural firm built the Burj Khalifa?SOM
14%
Tallest tower in EuropeLahkta Greenland Center
7%
Tallest building in India (in Mumbai)Palais Royale
7%
Where is the Guanxi China Resources Tower?Shenyang
7%

Score Distribution

Percentile by Number Answered

Percent of People with Each Score

Your Score History

You have not taken this quiz